Top 10 Players With The Most Premier League Titles - Statistics

General Stats
  • This quiz has been taken 17 times
  • The average score is 5 of 10
Answer Stats
Hint Answer % Correct
Wales (13) Ryan Giggs
100%
England (11) Paul Scholes
94%
Ireland (7) Roy Keane
75%
England (6) David Beckham
69%
Ireland (7) Dennis Irwin
69%
England (6) Rio Ferdinand
69%
England (6) Nicky Butt
44%
England (8) Gary Neville
19%
England (6) Phil Neville
6%
Norway (6) Ole Gunnar Solkjaer
0%
No matching quizzes found
Score Distribution
Percent of People with Each Score
Percentile by Number Answered
Your Score History
You have not taken this quiz